<?xml version="1.0" encoding="UTF-8"?>
<collection xmlns:xsi="http://www.w3.org/2001/XMLSchema-instance" xsi:schemaLocation="http://www.loc.gov/MARC21/slim http://www.loc.gov/standards/marcxml/schema/MARC21slim.xsd" xmlns="http://www.loc.gov/MARC21/slim">
 <record>
  <leader>00000ctm a22000004a 4500</leader>
  <controlfield tag="001">UP-99796217605993706</controlfield>
  <controlfield tag="003">Buklod</controlfield>
  <controlfield tag="005">20230503092542.0</controlfield>
  <controlfield tag="006">m     o  j        </controlfield>
  <controlfield tag="007">ta</controlfield>
  <controlfield tag="008">080210s        xx     d     r    |||| u|</controlfield>
  <datafield tag="035" ind1=" " ind2=" ">
   <subfield code="a">(iLib)UPD-00000369012</subfield>
  </datafield>
  <datafield tag="040" ind1=" " ind2=" ">
   <subfield code="a">DLS</subfield>
  </datafield>
  <datafield tag="041" ind1=" " ind2=" ">
   <subfield code="a">eng</subfield>
  </datafield>
  <datafield tag="090" ind1=" " ind2=" ">
   <subfield code="a">LG 993.5 2001 L4</subfield>
   <subfield code="b">T56</subfield>
  </datafield>
  <datafield tag="100" ind1="1" ind2=" ">
   <subfield code="a">Timoteo, Christine B.</subfield>
   <subfield code="e">author.</subfield>
  </datafield>
  <datafield tag="245" ind1="1" ind2="0">
   <subfield code="a">Prevalence of book loss between open and closed stack libraries</subfield>
   <subfield code="b">a comparative assessment</subfield>
   <subfield code="c">Christine B. Timoteo ; Florenda D. Mallari, adviser.</subfield>
  </datafield>
  <datafield tag="264" ind1=" " ind2="1">
   <subfield code="a">Quezon City</subfield>
   <subfield code="b">School of Library and Information Studies, University of the Philippines Diliman</subfield>
   <subfield code="c">2001.</subfield>
  </datafield>
  <datafield tag="300" ind1=" " ind2=" ">
   <subfield code="a">xii, 46 leaves.</subfield>
  </datafield>
  <datafield tag="500" ind1=" " ind2=" ">
   <subfield code="a">Vita.</subfield>
  </datafield>
  <datafield tag="502" ind1=" " ind2=" ">
   <subfield code="a">Thesis (Bachelor of Library and Information Science)</subfield>
   <subfield code="c">University of the Philippines Diliman</subfield>
   <subfield code="d">October 2001.</subfield>
  </datafield>
  <datafield tag="520" ind1="3" ind2=" ">
   <subfield code="a">Today, libraries bring out developments to achieve faster and better access of information needs of every library clienteles. One of the strategies implemented by most libraries is the adoption of an open stack system. In this case, a user has a free access to library materials. Unlike in a closed stack system, the librarian does not throw open the shelves to the readers and as such the readers are debarred from handling the books. But while improving access, book loss has become a very serious concern of most libraries. Thus, the assurance of a more secured collection diminishes. This study is an investigation of two pertinent library arrangements: the open and closed stack systems with regards to the problem of book loss.</subfield>
  </datafield>
  <datafield tag="520" ind1="3" ind2=" ">
   <subfield code="a">Four libraries have been studied, two libraries (University of the Philippines Diliman Main Library Filipiniana Section and School of Economics Filipiniana Section) are adopting a closed stack system and the other two (University of the Philippines Diliman Main Library Social Science Section and College of Engineering Library) are adopting an open stack system. It was found out that there is no significant difference on the level of book loss between libraries adopting different book arrangement. Difference between sample means is only about 0.78 SED; that is difference between means, X = 0.0001865 and standard error deviation, SED = 0.000240. Even if the open stack library arrangement posts a higher threat for book loss, the prevalence of book loss is comparable with that of the closed stack system. It was found out that the adoption of a closed stack system does not certainly eradicate book loss. There is indeed a greater responsibility for security and custodianship. Therefore, the security of every library material depends on how effective the rules and regulations are implemented.</subfield>
  </datafield>
  <datafield tag="650" ind1=" " ind2="0">
   <subfield code="a">Lost books</subfield>
   <subfield code="z">Philippines</subfield>
   <subfield code="z">Quezon City.</subfield>
  </datafield>
  <datafield tag="650" ind1=" " ind2="0">
   <subfield code="a">Open and closed shelves</subfield>
   <subfield code="z">Philippines</subfield>
   <subfield code="z">Quezon City.</subfield>
  </datafield>
  <datafield tag="700" ind1="1" ind2=" ">
   <subfield code="a">Mallari, Florenda D.</subfield>
   <subfield code="e">adviser.</subfield>
  </datafield>
  <datafield tag="842" ind1=" " ind2=" ">
   <subfield code="a">Thesis</subfield>
  </datafield>
  <datafield tag="905" ind1=" " ind2=" ">
   <subfield code="a">FI</subfield>
  </datafield>
  <datafield tag="905" ind1=" " ind2=" ">
   <subfield code="a">UP</subfield>
  </datafield>
  <datafield tag="852" ind1="0" ind2=" ">
   <subfield code="a">UPD</subfield>
   <subfield code="b">DLS</subfield>
   <subfield code="h">LG 993.5 2001 L4 T56</subfield>
  </datafield>
  <datafield tag="942" ind1=" " ind2=" ">
   <subfield code="a">Thesis</subfield>
  </datafield>
 </record>
</collection>
